| Record ID | talis_openlibrary_contribution/talis-openlibrary-contribution.mrc:690060077:494 |
| Source | Talis |
| Download Link | /show-records/talis_openlibrary_contribution/talis-openlibrary-contribution.mrc:690060077:494?format=raw |
LEADER: 00494cam a22001818a 4500
001 5b0c00cdf0624970acb5411d07fadf70
003 UK-BiTAL
005 20050705124554.0
008 911115r19911946enk 000 ||eng|d
015 $aGB9152206$2bnb
020 $a0720608406
035 $a()0720608406
040 $aNBSNW$cNBSNW$dNB$dUK-BiTAL$dUK-BiTAL
082 04 $a823.914$220
100 1 $aNin, Anais,$d1903-1977.
245 10 $aLadders to fire /$cAnais Nin.
260 $bPeter Owen,$c1991, c1946.
300 $a(144)p.